01016 2200361 4500001002100000005001500021035002000036007000300056040001700059100002700076245006800103250001300171300003500184504002500219020002200244041000800266082000800274084001400282090002000296264003900316336002100355337003000376338002300406500002900429650001200458700004700470850001000517008004100527990002200568990002200590990002200612990002000634INLIS00000000000778620260529042256 a0010-0922000275ta aSBPUPADbind0 aBudiman EdiePengarang1 aCara Cerdas Mendulang "Emas" dari Bertanam Jeruk /cBudiman Edi a.- cet.1 a108 hlm :bilus. ;c14 x 20 cm aBibliografi, hlm 106 a978-602-74681-7-707aind a634 a634 BUD c a634 BUD c L18-9 a.--Depok :bAkar Publishing,c2016 2rdacontentateks 2rdamediaatanpa perantara 2rdacarrieravolume aTentang Penulis, hlm 108 4aTanaman0 aPemeriksa Aksara, Dylan RaytamaePengarang aPUPAD260529 0  a28.778/B/DPK/2018 a28.777/B/DPK/2018 a23.622/H/DPK/2017 a23.623/H/DPK/17